Statistical methods in commerce, accountancy and economics (Record no. 1066)

MARC details
000 -LEADER
Fixed length control field 00455nam a2200181 4500
003 - CONTROL NUMBER IDENTIFIER
Control field SEACOMEC
005 - DATE AND TIME OF LATEST TRANSACTION
Control field 20240511132619.0
008 - FIXED-LENGTH DATA ELEMENTS--GENERAL INFORMATION
Fixed length control field 240511b |||||||| |||| 00| 0 eng d
020 ## - INTERNATIONAL STANDARD BOOK NUMBER / ISBN
Price Rs.140.00
040 ## - CATALOGING SOURCE
Original cataloging agency SEACOMEC
082 ## - DEWEY DECIMAL CLASSIFICATION NUMBER
Classification number 518.28
Book Number D229
100 ## - MAIN ENTRY--PERSONAL NAME
Personal name Das, N.G
245 1# - TITLE STATEMENT
Title Statistical methods in commerce, accountancy and economics
Statement of responsibility N.G. Das
260 ## - IMPRINT
Place of publication Calcutta
Name of publisher M.Das
Date of publication 2007
300 ## - PHYSICAL DESCRIPTION
Page / Vol. No Vol. 2
650 ## - SUBJECT ADDED ENTRY--TOPICAL TERM
Topical term Statistics
942 ## - ADDED ENTRY ELEMENTS (KOHA)
Koha item type Books
Holdings
Withdrawn status Lost status Source of classification Damaged status Not for loan Home library Current library Date acquired Total Checkouts Call number Accession number Date last seen Price effective from Koha item type Copy number
    Dewey Decimal Classification     SEACOM ENGINEERING COLLEGE SEACOM ENGINEERING COLLEGE 06/10/2007   518.28 D229 8724 11/05/2024 11/05/2024 Books  
    Dewey Decimal Classification     SEACOM ENGINEERING COLLEGE SEACOM ENGINEERING COLLEGE 06/10/2007   518.28 D229 8725 11/05/2024 11/05/2024 Books 1
    Dewey Decimal Classification     SEACOM ENGINEERING COLLEGE SEACOM ENGINEERING COLLEGE 06/10/2007   518.28 D229 8726 11/05/2024 11/05/2024 Books 2
    Dewey Decimal Classification     SEACOM ENGINEERING COLLEGE SEACOM ENGINEERING COLLEGE 06/10/2007   518.28 D229 8727 11/05/2024 11/05/2024 Books 3
© Seacom Engineering College, All rights reserved.      Powered by Koha